01931cam a22005054i 4500003000900000005001700009008004100026020001500067020001800082035002000100040003300120082002000153100002600173245015700199264003200356300003800388336002100426337002500447338002300472505066400495526001001159526001001169526001001179526001001189526001001199526000901209526000901218526000901227526000901236526000901245526000901254526000901263526000901272526000901281526000901290526000801299526000801307526000801315526000801323526000801331526000801339541001701347650003301364650002801397PE-LiUPU20250731170421.0180305s2014 ck r 00 0 spa d a612407074X a9786124070747 a(Sirsi) a241809 aPE-LiUPUbspacPE-LiUPUerda04a155.33bS682221 aSordo, Pilar,eautor.12a¡ Viva la diferencia ! y el complemento también:blo femenino y lo masculino. La magia en el ser mujer, la realidad en el ser hombre /cSordo, Pilar. 1aBogotá :bPlaneta,c2014. a190 páginas ;c23 centímetros atext2rdacontent aunmediated2rdamedia avolume2rdacarrier0 aOpuestos y complementarios -- El folículo y el espermiso: el comienzo de todas las diferencias -- Retener y soltar. Funciones naturales en el ser humano -- Femenino y masculino. Diferencias psicológicas encontradas -- El privilegio de ser masculino y el privilegio de sentir femenino -- Los cuentos de hadas en la psicología femenina y masculina -- Pensamiento mágico. Pensamiento real -- Causas de la infelicidad -- La ansiedad y sus consecuencias en el pensamiento mágico -- Desequilibrio y armonía -- Características de las nuevas generaciones de adolescentes -- Masculinización adolescente y otros temas -- Conclusiones -- Agradecimientos. aSEG68 aSEG70 aSEG69 aSEG67 aSEG43 aP144 aP143 aP131 aP122 aP120 aP117 aP112 aP110 aP106 aP101 aP80 aP59 aP54 aP35 aP33 aP30 g044-0022573;04aPensamientos psicologícos.04aPsychological thoughts.